000 01092nam a2200277 a 4500
001 BRCA_4923
005 20190320204848.0
008 150610s1905----sp-h######---#000-0#spa-#
041 _aspa
044 _asp
050 4 _aPQ6337
_b.I26 2
_c1905
245 1 0 _aIconografía de las ediciones del Quijote de Miguel de Cervantes Saavedra.
260 _aBarcelona
_bHenrich y Cia
_c1905
300 _a3 v.
_bil.
_c26 cm.
500 _aTitulo en cubierta: Iconografía de las ediciones del Quijote: facsímiles de 611 portadas: 1605-1905
500 _aEstado físico: Tejuelos deteriorados, hojas desprendidas (v.1., eje. 2)
500 _aLa biblioteca cuenta con 2 ejemplares del v.1
500 _aEjemplar igual a AM73 (vol. 2 y 3)
500 _aQMR115
504 _aIncluye referencias bibliográficas
505 0 _aContenido: v.1. Traducciones catalanas. -- v.2. Traducciones francesas. -- v.3. Traducciones inglesas y poliglotas.
600 1 4 _aCervantes Saavedra, Miguel de
_d1547-1616
_9213
650 1 4 _aLiteratura española
_y1500-1700
_910987
902 _aGFM
942 _2lcc
_cB
999 _c4617
_d4617